000 02330nam a2200277 a 4500
001 000026840
005 20200930030437.0
008 110325s1983 dr a 001 e spa d
040 _aDO-SdBNP
_bspa
_cBNPHU
082 _a321.094
_bT772r
245 0 3 _aLa transición revolucionaria en América Latina /
_cselección y edición Guarocuya Batista, Santiago Gómez Monegro.
260 _aSanto Domingo :
_bUASD,
_c1983.
300 _a2 v. :
_bil., retrs. ;
_c21 cm.
490 1 _aPraxis
_v2
505 0 _gV. I
_tLa crisis actual del imperialismo y los procesos revolucionarios en América Latina y el Caribe /
_rManuel Piñeiro Losada --
_tEl proceso de transición en Nicaragua /
_rOrlando Núñez Soto --
_tSalud en las sociedades en transición --
_rDr Sergio Arouca --
_tEl socialismo y el hombre nuevo /
_rErnesto -Che- Guevara --
_tEconomía y Transición Revolucionaria:
_tLa planificación socialista /
_rErnesto -Che- Guevara --
_tLas categorías mercantiles en el período de transición /
_rErnest Mandel --
_tAcumulación, planificación y distribución del ingreso en pequeñas economías socialistas periféricas /
_rValpy Fitzgerald --
505 0 _gv. II
_tAcerca de las relaciones entre el socialismo existente y el socialismo posible /
_rPerry Anderson --
_tEl concepto "Clase para sí" en la "Historia me Absolverá" /
_rOscar Guzmán Betancourt --
_tLas fases de la revolución /
_rCarlos Rafael Rodríguez --
_tLas contradicciones de la transición: clases, nación y estado en Nicaragua /
_rCarlos María Vilas --
_tFuerzas sociales y proyectos revolucionarios /
_rWilliam Villagra --
_tPlataforma Programática del Gobierno Democrático Revolucionario /
_rCoordinadora Revolucionaria de Masas --
_tPuntos principales para el gobierno revolucionario, patriótico y democrático /
_rUnión Revolucionaria Nacional de Guatemala.
590 _aInventariado, 2018/LP
650 4 _aRevoluciones
_zAmérica Latina
_918454
650 4 _aRevoluciones socialistas
_xEnsayos, conferencias, etc.
_953956
650 4 _aMovimientos revolucionarios
_xEnsayos, conferencias, etc.
_953957
650 4 _aSocialismo en américa latina
_xEnsayos, conferencias, etc.
_953958
700 1 _aBatista, Guarocuya,
_ecomp.
_953959
700 1 _aGómez Monegro, Santiago,
_eed.
_922483
830 0 _aPraxis ;
_n2
_953960
910 _aValidado. Control de calidad EMS
999 _c26332
_d26332